| 000 | 00590nam a22002177a 4500 | ||
|---|---|---|---|
| 005 | 20170124110146.0 | ||
| 010 | _aA-735297 | ||
| 020 | _c00.00 | ||
| 035 | _aA-735297 | ||
| 037 | _bCen Lib/Ret | ||
| 040 |
_aDPL _bEN |
||
| 082 |
_aN _bVIK |
||
| 100 |
_aVikram Chandra _933475 |
||
| 245 |
_aRed earth and pouring rain / _cby Vikram Chandra |
||
| 260 |
_aNew Delhi _c1995 _bPenguin books |
||
| 270 |
_bNew Delhi _a210 Chiranjiv tower, 43 Nehru place _e110019 |
||
| 300 |
_a520p. _c23cm(Hb) |
||
| 650 |
_aLiterature _96262 |
||
| 650 |
_aFiction _98901 |
||
| 942 |
_2ddc _cEN _hN _mVIK |
||
| 999 |
_c132016 _d132016 |
||